000 00877nam a2200277 i 4500
001 bg
003 BPK
005 20191104143648.0
008 001030s1979 pl a f f |001 0 pol
015 _aPB 1979/7600
040 _aWA N
_cBPK
041 0 _apol
080 _a514.18
080 _a(075.8)
100 1 _aOtto, Franciszek
_d(1904-2000).
_eAutor
245 1 0 _aPodręcznik geometrii wykreślnej.
_n[Cz.1,
_pTekst] /
_cFranciszek Otto i Edward Otto.
250 _aWyd. 3.
260 _aWarszawa :
_bPańst. Wydaw. Naukowe,
_c1979.
300 _a416 s. :
_bil., wykr. ;
_c24 cm.
504 _aIndeks.
655 4 _aPodręczniki akademickie
650 4 _aGeometria wykreślna
700 1 _aOtto, Edward
_d(1908-1986)
_eAutor
856 _uhttp://koha.tu.koszalin.pl/cgi-bin/koha/opac-detail.pl?biblionumber=138
_yKatalog online BPK
942 _2UKD
_cKS
999 _c138
_d138